000 00655nam a2200193Ia 4500
008 151121s9999||||xx |||||||||||||| ||und||
082 _a812/खरे
082 _bHNW-32284
100 _aखरे सुरेश
245 _aअसुनी नाथ मी अनाथ
260 _b"जोशी ब्रदर्स बुकसेलर्स & पब्लि।, पुणे"
260 _c--
300 _a83
600 _aखरे सुरेश
630 _aअसुनी नाथ मी अनाथ
700 _aखरे सुरेश
730 _aअसुनी नाथ मी अनाथ
942 _cBOOK
999 _c1225937
_d1225934